000 00282nam a2200109Ia 4500
001 1261747
005 20260417140357.0
008 260417s9999 xx 000 0 und d
020 _a9786051410777
245 0 _aBillur Kalp
_cHüseyin Rahmi Gürpınar
260 _bEverest Yayınları
999 _c1261747
_d1261747